[Event "Sebinhoo Invitational 2020"]
[Site "Online"]
[Date "2020.12.22"]
[Round "7.1"]
[White "Bachmann, Axel"]
[Black "Larino Nieto, David"]
[Result "1/2-1/2"]
[WhiteElo "2599"]
[BlackElo "2461"]
[Annotator "TA"]
[PlyCount "100"]
[EventDate "2020.12.22"]
[EventType "tourn"]
[EventCountry "NET"]
[SourceTitle "playchess.com"]
[Source "ChessBase"]
[SourceQuality "1"]

{[%evp 9,100,4,26,22,34,0,28,28,46,21,42,10,8,0,-10,0,0,-15,0,0,0,-71,0,-67,-50,-79,-83,-88,29,-54,19,-184,-110,-160,-51,-54,7,0,34,-65,-65,-65,-65,-65,0,0,54,0,60,86,110,-130,567,96,187,182,170,2,45,7,56,-351,-303,-399,103,-254,-254,-254,-254,-254,-253,-253,-245,-238,0,0,0,0,0,0,0,0,0,0,0,0,0,0,0,0,0,0,0]} 1. e4 c6 2. d4 g6 3. h4 d5 4. e5 h5 5. Bd3 Nh6 (5... c5 $5) 6. Ne2 {B12: Caro-Kann: Advance Variation.} c5 {[#]} 7. dxc5 $146 ({Predecessor:} 7. c3 Nc6 8. Be3 Bg4 9. f3 Bf5 10. Ng3 Bxd3 11. Qxd3 e6 12. a3 cxd4 13. cxd4 {0-1 (23) Markgraf,S (2149)-Markgraf,A (2345) Bad Lauterberg 2005}) 7... Nc6 8. Nbc3 {White has an edge.} Ng4 9. Bb5 e6 10. Bg5 (10. Qd4 $5) 10... Qc7 $1 11. Bxc6+ bxc6 12. Qd4 $1 Bg7 13. f4 Rb8 14. O-O-O O-O 15. Kb1 (15. g3 $11) 15... a5 (15... Ba6 $17) 16. Nc1 (16. a3 $11) 16... Rb4 {[%mdl 1024] Black has compensation.} 17. Qd2 Ba6 $1 18. a3 Rb7 (18... Rc4 $1 $17) 19. Na4 (19. Rh3 $11) 19... Rfb8 (19... Bb5 $1 $15 20. Nb6 a4) 20. Nb6 $2 (20. Na2 $11 {and White has nothing to worry.}) 20... Bf8 (20... Rxb6 $19 21. cxb6 Qxb6) 21. Qxa5 Bb5 (21... Bxc5 $17 22. Qxc5 Qxb6 23. Qxb6 Rxb6) 22. Nb3 $1 $15 Bxc5 (22... Nf2 $15 23. Qc3 Ne4) 23. Nxc5 $11 Rxb6 (23... Ra7 $5 {[%cal Ra7a5]} 24. Qb4 Rxb6 $14) 24. b3 (24. Kc1 $14) 24... Be2 $15 25. Kc1 {Threatens to win with Rd4.} Bxd1 26. Rxd1 Qc8 (26... Ne3 $15 27. Rd4 Nc4 $1 {[%mdl 512]}) 27. a4 $11 Kh7 ({Better is} 27... Qf8 $11) 28. Rd3 (28. Be7 $1 $14) 28... Nf2 (28... Qe8 $11) 29. Rd4 $14 Ne4 30. Qa7 $2 {[#]} (30. Nxe4 $16 {is necessary to keep the advantage. Nc5 is the strong threat.} dxe4 31. Qc5 (31. Rxe4 Qb7 $11)) 30... Qe8 $2 {[%mdl 8192]} (30... R6b7 $1 $17 {[%cal Rb7a7][%mdl 512]} 31. Nxb7 Rxb7) 31. Nxe4 $2 (31. Rxe4 $18 {and the rest is easy.} dxe4 32. Nd7 {[%mdl 64] Double Attack}) 31... dxe4 $16 32. Rd7 $1 {[%cal Rd7f7]} ({Don't take} 32. Rxe4 $6 R8b7 $14) 32... Kg8 33. Re7 $2 ({White should try} 33. Rc7 $1 $18) 33... Qf8 $11 34. Kd2 c5 {With the idea ...c4!} 35. Ke3 $2 {[%mdl 8192] [#]} (35. Rc7 $14 {keeps the upper hand.}) 35... c4 $1 $19 {[%cal Rc4b3][%mdl 512]} 36. bxc4 Rc6 $2 {[#]} ({Black should play} 36... Rb2 $19 37. c3 R8b3) 37. c5 $2 {[%mdl 8192]} (37. Bh6 $1 $16 {[%cal Rh6f8][%mdl 512]} Qd8 (37... Qxh6 38. Qxb8+) 38. Rxf7 Qb6+ 39. Qxb6 Rbxb6 40. Rg7+ Kh8 41. Rxg6) 37... Rbc8 38. Kxe4 Rxc5 39. Kf3 Rxc2 {( -> ...R8c3+)} 40. Kg3 Rb2 {And now ...Rcc2 would win.} 41. Qd7 Rcc2 $2 {[#]} (41... Ra8 $19 {aiming for ...Ra2.} 42. Kh2 Ra2) 42. Re8 $1 $11 {[%cal Re8f8][%mdl 512] The position is equal.} Rxg2+ 43. Kf3 Rbf2+ 44. Ke3 Re2+ 45. Kf3 Rgf2+ 46. Kg3 Rg2+ 47. Kh3 Rh2+ 48. Kg3 Rhg2+ 49. Kh3 Rh2+ 50. Kg3 Rhg2+ {White used his chance.  Weighted Error Value: White=0.69/Black=0.61} 1/2-1/2

[Event "Sebinhoo Invitational 2020"]
[Site "Online"]
[Date "2020.12.22"]
[Round "7.2"]
[White "Bartel, Mateusz"]
[Black "Christiansen, Johan-Sebastian"]
[Result "1-0"]
[WhiteElo "2638"]
[BlackElo "2610"]
[Annotator "TA"]
[PlyCount "65"]
[EventDate "2020.12.22"]
[EventType "tourn"]
[EventCountry "NET"]
[SourceTitle "playchess.com"]
[Source "ChessBase"]
[SourceQuality "1"]

{[%evp 14,65,25,31,29,3,27,-12,11,-5,33,37,34,0,0,-22,-2,-20,24,-12,-11,-37,0,-12,-14,-53,-35,-88,-77,-66,-116,-224,-214,-216,-222,-214,-208,-202,-211,-214,-240,-211,-206,-211,-222,-216,-207,-447,0,0,0,0,816,816]} 1. g3 e5 2. Bg2 Nc6 3. c4 g6 4. Nc3 Bg7 5. Rb1 d6 6. b4 f5 7. b5 Nce7 8. e3 Nf6 {A25: English Opening vs King's Indian with ...Nc6 but without early d3.} 9. d4 O-O 10. Nge2 {[#]} Qe8 $146 {The position is equal.} ({Predecessor:} 10... e4 11. h4 Be6 12. d5 Bf7 13. Nd4 Qd7 14. Qa4 Ng4 15. Nce2 a6 16. O-O axb5 17. Qxb5 Qxb5 18. Rxb5 {½-½ (57) Zwardon,V (2421)-Jakubowski,K (2557) Pardubice 2016}) 11. a4 g5 12. h4 gxh4 13. dxe5 (13. Rxh4 $14 Qf7 14. dxe5 dxe5 15. Ba3) 13... dxe5 $11 14. Rxh4 Ng6 {[%cal Be7g6,Bg6e5,Be5d3][%mdl 32]} 15. Rh1 e4 16. Ba3 Rf7 17. Nf4 Ne5 18. Qb3 Be6 19. Nxe6 Qxe6 20. c5 (20. Nd5 $15) 20... Nd3+ $17 21. Ke2 Qe5 22. Rhf1 {[#]} (22. Bb2 $17 Qxc5 23. Na2) 22... Rd8 $1 $19 {aiming for ...f4.} ({Not} 22... Nxc5 23. Bxc5 Qxc5 24. Rfd1 $11) 23. Rbd1 Nh5 24. Bb2 {[#]} Nxg3+ $1 {[%mdl 512]} 25. fxg3 Qxg3 26. Nxe4 Qxg2+ {[%mdl 64] Double Attack} 27. Nf2 {And now Bxg7 would win.} f4 {White must now prevent ...f3+.} ({But not} 27... Bxb2 28. Rg1 $17) 28. Rxd3 Rxd3 29. Qxd3 Bxb2 30. Qb1 $2 (30. Qd8+ {is a better defense.} Rf8 31. Qd3) 30... fxe3 $2 (30... Bg7 $19 {Threatens to win with ...fxe3.} 31. exf4 Rxf4 32. Qb3+ Rf7) 31. Rg1 $1 $11 {[%cal Rg1g2]} Rxf2+ 32. Kxe3 Rf3+ $2 {[%mdl 8192] [#]} (32... Re2+ $11 33. Kd3 Rd2+ 34. Kc4 Rd4+ 35. Kb3 {[#]} Rd3+ $1 {[%mdl 512]} 36. Qxd3 Qxg1 37. Qd8+ Kg7 38. Qxc7+ Kg6 39. Kxb2 Qd4+ 40. Ka3 Qc3+ 41. Ka2 Qc4+ 42. Kb1 h5) 33. Ke4 $1 {[%mdl 512] Weighted Error Value: White=0.26/Black=0.33} 1-0

[Event "Sebinhoo Invitational 2020"]
[Site "Online"]
[Date "2020.12.22"]
[Round "7.3"]
[White "Shankland, Sam"]
[Black "Van Foreest, Jorden"]
[Result "1-0"]
[WhiteElo "2691"]
[BlackElo "2671"]
[Annotator "TA"]
[PlyCount "117"]
[EventDate "2020.12.22"]
[EventType "tourn"]
[EventCountry "NET"]
[SourceTitle "playchess.com"]
[Source "ChessBase"]
[SourceQuality "1"]

{[%evp 9,117,22,48,35,23,37,30,1,44,20,31,-9,87,92,76,80,194,196,193,192,200,197,206,198,198,198,199,199,196,195,206,193,197,197,208,193,193,193,193,193,193,192,189,167,193,193,193,129,129,123,159,159,158,152,191,190,192,166,194,194,247,247,271,232,237,212,212,106,64,125,125,8,8,8,8,8,8,8,8,8,29967,29969,29968,29970,29964,29971,29976,29977,29978,29979,29979,29980,29979,29981,29981,29982,29982,29983,29983,29984,29984,29983,29987,29988,29988,29988,29994,29995,29995,29996]} 1. d4 d5 2. c4 e6 3. Nf3 Nf6 4. Nc3 h6 5. g3 Nc6 6. Bg2 {D37: Queen's Gambit Declined: 5 Bf4.} Bd6 7. O-O O-O 8. a3 $5 {[%mdl 4] [#] White has an edge. A promising side line.} b6 $146 ({Predecessor:} 8... dxc4 9. Qa4 e5 10. dxe5 Nxe5 11. Nxe5 Bxe5 12. Rd1 Qe7 13. Qxc4 c6 14. Bf4 Be6 {½-½ (64) Posthuma,J (2339)-Jacobson,A (2262) Charlotte 2020}) 9. cxd5 exd5 10. Qc2 {Threatening Nxd5!} Bg4 {[#]} (10... Ne7 $11) 11. Nxd5 $1 $16 {[%mdl 512]} Bxf3 (11... Nxd5 12. Qxc6) 12. Qxc6 ({Reject} 12. Bxf3 Nxd4 13. Qd3 Nxf3+ 14. Qxf3 Nxd5 $15) 12... Bxe2 (12... Bxd5 $16 {might work better.} 13. Bxd5 Nxd5) 13. Re1 $18 Nxd5 14. Rxe2 Ne7 15. Qxa8 Qxa8 16. Bxa8 Rxa8 17. Bf4 Bxf4 18. Rxe7 {[%mdl 4096] Endgame KRR-KRB} Bd6 19. Re2 Kf8 20. Kg2 a5 21. Kf3 h5 22. h4 a4 23. Rc1 g6 24. Rc4 Kg7 25. Re4 Ra5 26. Re8 Rb5 27. Re2 Rb3+ 28. Re3 (28. Rc3 $18) 28... Rxb2 $16 29. Rxa4 Rd2 30. Re2 $1 {[%cal Re2d2]} Rd1 31. Ke4 Kf6 {[#]} 32. Kd5 $1 Rd3 33. Ra2 Kf5 34. Rc4 Kg4 (34... b5 $142 35. Rcc2 Rb3) 35. a4 $18 Kf3 36. Rac2 Rd1 37. R4c3+ Kg2 38. Rxc7 (38. Rb3 $18) 38... Bxc7 $16 39. Rxc7 Kxf2 {[#]} 40. Rxf7+ (40. Rc3 $1 $16) 40... Kxg3 $18 {KR-KR} 41. Rg7 Kxh4 {...g5 is the strong threat.} 42. Rxg6 Ra1 43. Kc6 Rxa4 44. d5 Rd4 $2 {[%mdl 8192] This move loses the game for Black.} (44... Ra8 $11) 45. d6 {White mates.} Rc4+ 46. Kd5 Rc5+ 47. Ke6 Rc8 48. d7 Ra8 49. Ke7 b5 50. d8=Q Rxd8 51. Kxd8 {KR-KPP} b4 52. Ke7 b3 53. Kf6 b2 54. Rg1 Kh3 55. Kg5 h4 56. Kf4 Kh2 57. Rb1 Kh3 58. Kf3 {[%cal Rb1h1]} Kh2 59. Rxb2+ {Weighted Error Value: White=0.10/Black=0.25} 1-0

[Event "Sebinhoo Invitational 2020"]
[Site "Online"]
[Date "2020.12.22"]
[Round "7.4"]
[White "Tari, Aryan"]
[Black "Pichot, Alan"]
[Result "0-1"]
[WhiteElo "2618"]
[BlackElo "2630"]
[Annotator "TA"]
[PlyCount "58"]
[EventDate "2020.12.22"]
[EventType "tourn"]
[EventCountry "NET"]
[SourceTitle "playchess.com"]
[Source "ChessBase"]
[SourceQuality "1"]

{[%evp 12,58,12,32,91,96,87,89,90,76,101,52,56,62,127,19,52,22,26,16,18,30,36,15,18,0,73,37,75,57,62,0,65,62,194,195,201,209,253,-757,42,-752,-748,-29983,-29984,-29984,-29985,-29985,-29986]} 1. e4 c5 2. Nc3 Nc6 3. f4 e6 4. Nf3 Nge7 5. Bb5 d5 6. exd5 exd5 7. Qe2 a6 {B23: Closed Sicilian: Lines without g3.} ({Black should try} 7... Qd6 $14) 8. Bxc6+ $1 $16 bxc6 9. b3 {[#]} f6 $146 {White is better.} ({Predecessor:} 9... Be6 10. O-O h6 11. Na4 Qd6 12. Nh4 g5 13. f5 gxh4 14. fxe6 Qxe6 15. Qxe6 fxe6 16. Nxc5 {½-½ (80) Yelligedik,M (1862)-Inan,C (1721) Kemer 2014}) 10. Ba3 Kf7 11. Bxc5 Ng6 12. Qf2 Qe8+ (12... Nxf4 $14 13. O-O Bg4) 13. Kd1 ({Better is} 13. Be3 $16) 13... Nxf4 14. Re1 Qd8 15. Kc1 Bxc5 16. Qxc5 Nxg2 17. Rg1 Nf4 18. Kb2 $36 {[%mdl 2048] White fights for an advantage.} Bh3 (18... Qc7 $11) 19. Nd4 Re8 20. Nxc6 Qd7 {Threatening ...Rac8.} 21. Nd4 (21. Rae1 $14) 21... Rac8 (21... Qe7 $11 22. Qxe7+ Rxe7) 22. Qb6 $14 Qc7 (22... Ne6 $14) 23. Qxa6 $18 {Ncb5 is the strong threat.} Qc5 24. Ncb5 {Strongly threatening Qd6.} Ne2 25. Nxe2 $4 {[%mdl 8192]} (25. c3 $18 Nxg1 26. Nd6+ (26. Rxg1 Rcd8 $16) 26... Kf8 27. Nxe8 (27. Rxg1 Ra8 $15) 27... Rxe8 28. Rxg1) 25... Qxc2+ $19 {[%mdl 64] Double Attack} 26. Ka3 {[#]} Ra8 $1 {[%mdl 512]} 27. Nd6+ {[#]} Kf8 $1 {[%mdl 512] Black mates.} 28. Qxa8 Rxa8+ 29. Kb4 Qxd2+ {[%mdl 64] Double Attack. Accuracy: White = 47%, Black = 45%.} 0-1

[Event "Sebinhoo Invitational 2020"]
[Site "Online"]
[Date "2020.12.22"]
[Round "8.1"]
[White "Pichot, Alan"]
[Black "Shankland, Sam"]
[Result "1/2-1/2"]
[WhiteElo "2630"]
[BlackElo "2691"]
[Annotator "TA"]
[PlyCount "145"]
[EventDate "2020.12.22"]
[EventType "tourn"]
[EventCountry "NET"]
[SourceTitle "playchess.com"]
[Source "ChessBase"]
[SourceQuality "1"]

{[%evp 9,145,14,17,8,5,7,16,-19,-19,-4,-6,-1,-2,-4,17,13,12,6,14,14,12,10,7,8,12,9,8,8,125,120,113,78,85,97,93,-82,-72,-63,-73,-79,-73,-83,-62,-61,-62,-62,-37,-50,-50,-57,0,-9,21,0,0,0,0,0,9,19,29,-49,-49,-30,-39,-49,-49,-47,0,-34,0,-56,-19,-106,-115,-203,-103,-221,-216,-277,-154,-179,-135,-135,-135,-146,-135,-135,-108,-135,-135,-135,-135,-161,-161,-161,0,-161,-161,-161,-156,-159,-161,-161,-161,-161,-161,-161,-161,-191,-191,-191,-191,-191,-191,-191,-191,-191,-191,-191,-191,-191,-191,-191,-191,-191,-191,-191,-191,-191,-191,-191,-191,-191,-8,-8,-8,-8]} 1. e4 c5 2. Nf3 d6 3. d4 cxd4 4. Qxd4 Nf6 5. Be2 g6 6. O-O {B53: Sicilian: 2...d6: Lines with Qxd4.} Bg7 7. h3 O-O 8. Qe3 b6 9. Rd1 {[#]} Nbd7 $146 ({Predecessor:} 9... Bb7 10. e5 Nd5 11. Qb3 Nd7 12. Rxd5 Bxd5 13. Qxd5 Nxe5 14. Nxe5 Bxe5 15. c3 e6 {½-½ (59) Pichot,A (2630)-Shankland,S (2691) chess24.com INT 2020}) 10. e5 dxe5 11. Nxe5 e6 12. Nc3 Nd5 $1 {[%cal Rd5e3]} 13. Nxd5 Nxe5 14. Nc3 $36 {[%mdl 2048] White has the initiative.} Qe7 15. Qg3 Bb7 16. Bf4 Qc5 17. b4 Qc6 18. Nb5 {With the idea Nd6.} Rad8 {[#]} 19. Nd4 $1 $16 {[%cal Rd4c6]} Qc7 20. c3 h6 21. h4 Rd5 {[#]} 22. Nf3 $2 (22. c4 $1 $16 {[%cal Rc4d5] and life is bright.} Rd7 23. Rd2) 22... Rxd1+ 23. Rxd1 {[%cal Rf4e5]} Bxf3 24. Bxf3 Qxc3 25. Bb7 Qxg3 (25... Qc2 {feels hotter.} 26. Qb3 Qc7 27. Ba6 Rd8 28. Rc1 Qe7) 26. Bxg3 Rb8 27. Ba6 Re8 28. Rc1 Rd8 29. f3 Rd7 (29... Bf6 $15) 30. Bb5 Re7 31. Rc8+ Kh7 32. a4 h5 33. Bf4 Bf6 34. Kf1 Kg7 35. a5 ({White should try} 35. Rc1 $11) 35... bxa5 $15 36. bxa5 {And now a6 would win.} Rb7 37. Be2 Rb1+ 38. Kf2 $1 Rb2 {aiming for ...Nd3+.} 39. Kf1 Rb1+ 40. Kf2 $1 Bxh4+ 41. g3 (41. Ke3 $1 $11 Rb3+ 42. Kd2) 41... Bf6 $17 42. Rc7 (42. Rc5 $17 Nd7 43. Rc7) 42... Ra1 (42... Rb2 $19 {...Nd3+ is the strong threat.} 43. Ke1 Rb3) 43. Rxa7 (43. a6 $17 {is a better defense.}) 43... Nc6 $19 44. Ra6 Nxa5 (44... Nd4 $19 45. Bd3 Ra2+ 46. Ke3 Ra3) 45. Bc7 Nb3 46. Rxa1 Bxa1 $17 {[%mdl 4096] Endgame KBB-KBN} 47. Bc4 Nd4 48. Be5+ Kf8 49. Bxd4 Bxd4+ {KB-KB} 50. Kg2 Ke7 51. f4 Kf6 52. Kf3 Ke7 $2 (52... Bb6 $19 53. g4 h4 54. g5+ Ke7) 53. Bb5 $2 (53. Kg2 $1 $11) 53... f5 $19 54. Bc4 Kf6 55. Bb5 e5 56. fxe5+ Bxe5 57. Be8 Kg7 58. Bd7 Kf7 59. Bc8 Kf6 60. Bd7 g5 61. Be8 g4+ 62. Kg2 Kg5 63. Bd7 Bc3 64. Bc8 Be1 65. Bd7 h4 66. gxh4+ Bxh4 {White must now prevent ...f4.} 67. Bb5 Kf4 68. Bd3 Ke5 69. Bc2 Be7 70. Bd3 f4 71. Be2 f3+ $2 (71... Kf5 $19 72. Bd3+ Kg5) 72. Bxf3 $1 $11 gxf3+ 73. Kxf3 {Weighted Error Value: White=0.28/Black=0.19} 1/2-1/2

[Event "Sebinhoo Invitational 2020"]
[Site "Online"]
[Date "2020.12.22"]
[Round "8.2"]
[White "Shankland, Sam"]
[Black "Bachmann, Axel"]
[Result "1/2-1/2"]
[WhiteElo "2691"]
[BlackElo "2599"]
[Annotator "TA"]
[PlyCount "96"]
[EventDate "2020.12.22"]
[EventType "tourn"]
[EventCountry "NET"]
[SourceTitle "playchess.com"]
[Source "ChessBase"]
[SourceQuality "1"]

{[%evp 18,95,52,68,99,65,98,49,53,28,153,158,156,145,133,0,84,47,31,3,24,-256,-241,-213,-164,-166,-78,-60,-43,-168,-162,-158,0,0,0,0,0,0,0,0,0,0,0,0,0,0,0,0,9,0,0,0,0,0,0,0,0,0,0,0,0,0,0,0,0,0,0,0,0,0,0,0,0,0,0,0,0,0,0,0]} 1. e4 g6 2. d4 Bg7 3. c4 c5 4. d5 d6 5. Nc3 e6 6. Nf3 Ne7 7. Be2 exd5 8. cxd5 O-O 9. O-O a6 10. a4 h6 {A43: Schmid Benoni.} 11. h3 f5 12. Re1 g5 {[#] White is slightly better.} 13. exf5 $146 ({Predecessor:} 13. Bc4 Ng6 14. exf5 Bxf5 15. Re6 Rf7 16. g4 Bxe6 17. dxe6 Re7 18. Qd3 Nf8 19. Nxg5 {½-½ (74) Hambleton,A (2131)-Noritsyn,N (2401) Montreal 2010}) 13... Bxf5 {[#]} (13... Nxf5 $11 {remains equal.} 14. Ne4 Nd7) 14. h4 $1 $16 gxh4 15. Nxh4 {Bg4 is the strong threat.} Nd7 16. Bf4 (16. Ra3 $16) 16... Ne5 (16... Ng6 $1 $11 {keeps the balance.} 17. Nxg6 Bxg6 18. Bxd6 Rxf2 19. Kxf2 Qh4+ 20. g3 Qh2+ 21. Ke3 Ne5 22. Bxe5 (22. Bxc5 $2 Re8 $19) (22. Rg1 $2 Nc4+ 23. Bxc4 Bd4+ 24. Qxd4 cxd4+ 25. Kf3 dxc3 $19) 22... Bxe5) 17. Qd2 N7g6 18. Nxg6 Bxg6 19. Bxh6 $2 {[%mdl 8192]} (19. a5 $11) 19... Qh4 $19 20. Be3 Rae8 21. f4 {[#]} Ng4 (21... Re7 $1 $19 {has better winning chances. Threatens to win with ...Bf6.} 22. Red1 (22. Bf2 Qxf4) 22... Ng4 23. Bxg4 Qxg4) 22. Bxg4 $17 Qxg4 23. Re2 {[#]} (23. Qd1 $1 $15 Qh4 24. Qf3) 23... Rxe3 $1 $19 {[%mdl 512]} 24. Rxe3 {And now Ne2 would win.} (24. Qxe3 $2 {too greedy.} Bd4 $19) 24... Bd4 $2 ({Better is} 24... Qxf4 $17 25. g3 Qf5) 25. Ne2 $11 {The position is equal.} Bxe3+ 26. Qxe3 Re8 27. Qg3 Qxg3 28. Nxg3 {[%mdl 4096] Endgame KRB-KRN} Re3 29. Kf2 Rb3 30. f5 Rxb2+ 31. Ke3 Bf7 32. Ne4 Rxg2 33. Nxd6 {aiming for Ne4.} Bxd5 34. Rc1 Bc6 35. a5 Kg7 36. Rxc5 Kf6 37. Ne4+ Bxe4 38. Kxe4 {KR-KR} Rg4+ 39. Kd5 Rf4 (39... Rb4 {looks sharper.} 40. Kd6 Rb1 41. Kc7 Rb2 42. Rd5 Rb4) 40. Kd6 Rxf5 41. Rxf5+ Kxf5 {KPP-KP} 42. Kc7 Ke6 43. Kxb7 Kd7 44. Kxa6 {White wants to mate with Kb7.} Kc8 45. Ka7 $1 Kc7 46. a6 Kc8 47. Ka8 Kc7 48. a7 Kc8 {Weighted Error Value: White=0.30/Black=0.19} 1/2-1/2

[Event "Sebinhoo Invitational 2020"]
[Site "Online"]
[Date "2020.12.22"]
[Round "8.3"]
[White "Bachmann, Axel"]
[Black "Pichot, Alan"]
[Result "1-0"]
[WhiteElo "2599"]
[BlackElo "2630"]
[Annotator "TA"]
[PlyCount "63"]
[EventDate "2020.12.22"]
[EventType "tourn"]
[EventCountry "NET"]
[SourceTitle "playchess.com"]
[Source "ChessBase"]
[SourceQuality "1"]

{[%evp 10,63,14,-2,0,-26,0,0,-3,0,0,-9,0,0,0,-21,0,0,8,7,25,12,28,39,47,57,55,46,99,69,76,49,97,83,88,5,60,71,43,45,128,34,49,0,184,184,825,835,823,807,1218,1210,1166,1119,1098,1074]} 1. e4 c5 2. Nc3 Nc6 3. g3 g6 4. d3 Bg7 5. Be3 d6 6. Qd2 Rb8 {B24: Closed Sicilian: 3 g3 sidelines.} 7. a4 a6 8. Bg2 b5 {The position is equal.} 9. axb5 axb5 10. Nge2 b4 11. Nd1 h5 12. h3 Nf6 13. f4 {Hoping for e5.} Bd7 14. O-O O-O 15. f5 Ne5 16. Bh6 {[#]} Kh7 $146 ({Predecessor:} 16... Qb6 17. Kh1 b3 18. Bxg7 Kxg7 19. c4 Ra8 20. Rc1 Qb4 21. Ndc3 Ra2 22. Rb1 Rfa8 {1-0 (62) Demchenko,A (2641)-Manukyan,A (2148) chess.com INT 2020}) 17. Bxg7 Kxg7 18. Ne3 Bc6 (18... Kh7 $14) 19. fxg6 fxg6 20. Nf4 Qd7 21. Ned5 Rf7 22. Ra6 (22. c3 $16) 22... e6 (22... Bb5 $11 23. Ra2 b3 24. cxb3 Nxd5 25. exd5 Bxd3 26. Nxd3 Rxf1+ 27. Kxf1 Qf5+ {[%mdl 64] Double Attack} 28. Ke2 Rxb3 29. Nxe5 Rxg3) 23. Nxf6 Rxf6 24. d4 $36 {[%mdl 2048] White has the initiative.} ({Avoid the trap} 24. Nxh5+ $2 gxh5 25. Rxf6 (25. Qg5+ $2 Rg6 $19) 25... Kxf6 $19) 24... Nc4 (24... cxd4 $14 25. Qxd4 Kh6) 25. Qf2 ({White should play} 25. Qc1 $1 $16 cxd4 {[#]} 26. Nxh5+ $1 {[%mdl 512]} gxh5 27. Rxf6 Kxf6 28. Ra7 $1 (28. Qf1+ Ke7 $14)) 25... Rbf8 $14 26. e5 dxe5 (26... Rxf4 $1 $11 {and Black is okay.} 27. gxf4 Bxg2 28. Qxg2 Ne3 {[%mdl 64] Double Attack}) 27. Bxc6 $18 Qf7 (27... Qxd4 28. Qxd4 cxd4) 28. dxe5 {White is clearly winning.} Nxe5 29. Qxc5 {[%mdl 64] Double Attack} Rf5 30. Ra7 {Black must now prevent Nxe6+.} Nf3+ 31. Bxf3 Rxc5 32. Nxe6+ {[%mdl 64] Double Attack.  Weighted Error Value: White=0.19/Black=0.39} 1-0